| 000 | 00670nam a2200241Ia 4500 | ||
|---|---|---|---|
| 003 | OSt | ||
| 005 | 20221007074336.0 | ||
| 006 | a|||||r|||| 00| 0 | ||
| 007 | ta | ||
| 008 | 221006b |||||||| |||| 00| 0 eng d | ||
| 024 | _a36,499 | ||
| 037 | _cTextual | ||
| 040 |
_aFLL _cFLL _beng |
||
| 041 |
_2eng _aeng |
||
| 082 | _aZ,8624, Q1 | ||
| 100 | _aAiyer P. Ramanatha | ||
| 245 | 0 | _aCross examination principles and precedents (Rev. by M.P. Malick) | |
| 250 | _a4th | ||
| 260 |
_aNagpur _bLexisNexis Butterworths India _c2011 |
||
| 300 |
_alxxii,1085p _ccm. |
||
| 942 |
_hZ,8624, Q1 _cTEXL _2CC |
||
| 999 |
_c1151997 _d1151997 |
||